00843nam a22001937a 4500999001900000005001700019010001500036020003000051035001400081037001300095082001300108100002600121245005800147260006800205270015600273300007000429942002700499952012300526 c176389d17638920201217145710.0 aENG-128691 a978-93-534-3755-8c300.00 aEN-112223 bDBAD/PUB a372.6044 aMeganathan, Ramanujam aLanguage Across the Curriculum/cRamanujam Meganathan aUttar PradeshbPearson India Education Services Pvt. Ltd.c2019 bUttar Pradeshe201301a15th Floor, Tower-B, World Trade Tower, Plot No.- 1, Block-C, Sector-16, Noidamcompanysecretary.india@pearson.comk044-66540100 axvii+284p.c23cm(pbk)bIncluding illustrations, Tables and Index. 2ddccENh372.6044mMEG 001040718NFICaAVbAVd2020-12-17eDBAD/PUBg300.00l0o372.6044 MEGpEN-112223r2020-12-17 00:00:00t1v300.00yEN